Learn how to administer CPR (Record no. 72588)

MARC details
000 -LEADER
fixed length control field 01342cam a2200229 4500
001 - CONTROL NUMBER
control field ABS66597
008 - FIXED-LENGTH DATA ELEMENTS--GENERAL INFORMATION
fixed length control field 030430n2003 000 0 eng u
035 ## - SYSTEM CONTROL NUMBER
System control number (Sirsi) u122144
100 ## - MAIN ENTRY--PERSONAL NAME
Personal name Shaw, E.
245 ## - TITLE STATEMENT
Title Learn how to administer CPR
260 ## - PUBLICATION, DISTRIBUTION, ETC.
Date of publication, distribution, etc. 2003
490 ## - SERIES STATEMENT
Series statement Estates Gazette
Volume/sequential designation (0316) 19 April 2003, 94-95(2)
520 ## - SUMMARY, ETC.
Summary, etc. Examines the latest edition of the RICS guidance note on dilapidations. Explains that it gives guidance on preparing, serving and responding to claims for dilapidations. The new Civil Procedure Rules had a major impact on the way that dilapidation claims are processed with many of the old pre-CPR attitudes no longer appropriate. Looks at the pre-action protocols and the costs which may not follow the event. This has important implications for the preparation of the schedule as there is a potential breach of contract if it is not done properly. Comments that a high standard of dialogue between the parties' surveyors is crucial to ensure that the focus is only on the matters on which the parties truly disagree, not simply misunderstandings.
590 ## - LOCAL NOTE (RLIN)
Local note ABS
650 ## - SUBJECT ADDED ENTRY--TOPICAL TERM
Topical term or geographic name entry element DILAPIDATIONS CLAIMS
650 ## - SUBJECT ADDED ENTRY--TOPICAL TERM
Topical term or geographic name entry element DILAPIDATIONS DISPUTES
650 ## - SUBJECT ADDED ENTRY--TOPICAL TERM
Topical term or geographic name entry element CIVIL PROCEDURE RULES
650 ## - SUBJECT ADDED ENTRY--TOPICAL TERM
Topical term or geographic name entry element SCHEDULE OF DILAPIDATIONS
690 ## - LOCAL SUBJECT ADDED ENTRY--TOPICAL TERM (OCLC, RLIN)
Topical term or geographic name as entry element Dispute resolution
9 (RLIN) 6236
700 ## - ADDED ENTRY--PERSONAL NAME
Personal name Vivien, K.
942 ## - ADDED ENTRY ELEMENTS (KOHA)
Suppress in OPAC 0
Holdings
Withdrawn status Lost status Source of classification or shelving scheme Damaged status Not for loan Home library Current library Shelving location Date acquired Total Checkouts Full call number Barcode Date last seen Copy number Price effective from Koha item type
    Dewey Decimal Classification     London London Journal article 30/04/2003   ABS66597 122144-1001 06/08/2019 1 06/08/2019 Journal article